Normal view
MARC view
Entry Personal Name
001 - CONTROL NUMBER
- control field: 243638
003 - CONTROL NUMBER IDENTIFIER
- control field: St Aloysius Coll
005 - DATE AND TIME OF LATEST TRANSACTION
- control field: 20251103180455.0
008 - FIXED-LENGTH DATA ELEMENTS
- fixed length control field: 251103|| aca||aabn | a|a d
040 ## - CATALOGING SOURCE
- Original cataloging agency: St Aloysius Coll
- Transcribing agency: St Aloysius Coll
100 ## - HEADING--PERSONAL NAME
- Personal name: Mukhopadhyay, Bhavna B
670 ## - SOURCE DATA FOUND
- Source citation: Work cat.: (St Aloysius Coll)175941: Alok Mukhopadhyay 120385, Civil society action for tobacco control, 2008